बांग्लादेश के स्वतंत्रता संग्राम में भारत का योगदान (Record no. 1678431)

MARC details
000 -LEADER
fixed length control field 01162 a2200253 4500
005 - DATE AND TIME OF LATEST TRANSACTION
control field 20260320113325.0
008 - FIXED-LENGTH DATA ELEMENTS--GENERAL INFORMATION
fixed length control field 260320b |||||||| |||| 00| 0 eng d
020 ## - INTERNATIONAL STANDARD BOOK NUMBER
International Standard Book Number 9788123754345 (pbk)
037 ## - SOURCE OF ACQUISITION
Terms of availability tb
040 ## - CATALOGING SOURCE
Original cataloging agency BL
Transcribing agency BL
041 ## - LANGUAGE CODE
Source of code hin
Language code of text/sound track or separate title hin
084 ## - COLON CLASSIFICATION NUMBER
Classification number V44Q7:51 152R2
Assigning agency BL
100 ## - MAIN ENTRY--PERSONAL NAME
Personal name आज़ाद, सलाम
9 (RLIN) 1112964
245 ## - TITLE STATEMENT
Title बांग्लादेश के स्वतंत्रता संग्राम में भारत का योगदान
260 ## - PUBLICATION, DISTRIBUTION, ETC.
Place of publication, distribution, etc. नई दिल्ली, भारत:
Name of publisher, distributor, etc. राष्ट्रीय पुस्तक न्यास,
Date of publication, distribution, etc. 2022.
300 ## - PHYSICAL DESCRIPTION
Extent 452पृ.
365 ## - TRADE PRICE
Price amount 340.00
Currency code INR
490 ## - SERIES STATEMENT
Series statement लोकोपयोगी सामाजिक विज्ञान
650 ## - SUBJECT ADDED ENTRY--TOPICAL TERM
Topical term or geographic name entry element इतिहास
650 ## - SUBJECT ADDED ENTRY--TOPICAL TERM
Topical term or geographic name entry element बांग्लादेश
9 (RLIN) 1132631
700 ## - ADDED ENTRY--PERSONAL NAME
Personal name सिंह, के. बी.
Relator term अनुवादक
9 (RLIN) 1132632
942 ## - ADDED ENTRY ELEMENTS (KOHA)
Koha item type Textbook
Source of classification or shelving scheme Colon Classification (CC)
Classification part V44Q7:51 152R2
Holdings
Withdrawn status Lost status Source of classification or shelving scheme Damaged status Not for loan Home library Current library Date acquired Source of acquisition Cost, normal purchase price Inventory number Total Checkouts Full call number Barcode Date last seen Cost, replacement price Price effective from Koha item type
    Colon Classification (CC)     Braille Library Braille Library 2026-02-09 4/ क्लासिक बुक सर्विस 306.00 246 & 2026-02-04   V44Q7:51 152R2 BL0001253 2026-02-09 340.00 2026-02-09 Textbook
Copyright @ Delhi University Library System